[Event "ESP-chT"]
[Site "Cordoba"]
[Date "1995.??.??"]
[Round "1"]
[White "De los Santos, Adrian"]
[Black "Nava Pereda, Carlos"]
[Result "0-1"]
[WhiteElo "2095"]
[BlackElo "2335"]
[PlyCount "61"]
[EventDate "1995.??.??"]
[EventType "team"]
[EventRounds "9"]
[EventCountry "ESP"]
[SourceTitle "EXT 2000"]
[Source "ChessBase"]
[SourceDate "1999.11.16"]
[SourceVersion "1"]
[SourceVersionDate "1999.11.16"]
[SourceQuality "1"]

1. d4 Nf6 2. Nf3 c5 3. e3 g6 4. Bd3 d5 5. 0-0 Bg7 6. c3 Nbd7 7. Nbd2 0-0 8. e4 cxd4 9. e5 Nh5 10. cxd4 Nf4 11. Bc2 f6 12. exf6 exf6 13. Nb1 Bh6 14. Kh1 Kg7 15. Qd2 Nb6 16. Bb3 Bg4 17. Ne1 Re8 18. Nc3 Be2 19. Rg1 Bg5 20. h4 Bh6 21. Nc2 Nc4 22. Bxc4 dxc4 23. Ne3 Bd3 24. d5 Kh8 25. Kh2 Qd7 26. g4 b5 27. a3 a5 28. Rg3 b4 29. Na2 Ne2 30. g5 Nxg3 31. Kxg3 0-1